| 000 | 00336nam a2200133Ia 4500 | ||
|---|---|---|---|
| 008 | 210210b2000 xxu||||| |||| 00| 0 eng d | ||
| 082 | _a820.33 PILS | ||
| 100 | _aPILLAI (T Sivasankara). | ||
| 245 | _aScavenger's son. | ||
| 260 |
_aND _bAn Orient Paperback _c2000 |
||
| 300 | _a143 | ||
| 690 | _aIndian English Fiction | ||
| 906 | _a034209 | ||
| 999 |
_c84974 _d84974 |
||